Communication progressive du Francais avec 365 activites

Guardat en:
Dades bibliogràfiques
Autor principal: MIQUEL, Claire
Format: Llibre
Idioma:anglès
Publicat: CLE 2004
Etiquetes: Afegir etiqueta
Sense etiquetes, Sigues el primer a etiquetar aquest registre!

MARC

LEADER 00000nam a22000007a 4500
008 230613b |||||||| |||| 00| 0 eng d
022 |a 9782090337266 
100 |a MIQUEL, Claire 
245 |a Communication progressive du Francais avec 365 activites  |c  / Claire Miquel  |e (Niveau intermediaire)  |g 189p. 
260 |b CLE  |c 2004  |h Paris  |i 674042  |l PC2112.M67  |m French language.  |m French language - Spoken French. 
942 |a lcc  |c BK  |e A.R. Akinniyi  |f 13:6:2023 
952 |0 0  |1 0  |2 lcc  |4 0  |6 PC2112 M67  |7 0  |9 4236  |a HOL  |b HOL  |c LP  |d 2023-06-13  |l 0  |o PC2112.M67  |p 2023-0165  |r 2023-06-13 00:00:00  |t 674042  |w 2023-06-13  |y BK 
999 |c 2126  |d 2126